| 000 | 00772nam a2200217 a 4500 | ||
|---|---|---|---|
| 001 | 000032836 | ||
| 005 | 20240412074256.0 | ||
| 008 | 110727t1954 dr c 000 pbspa d | ||
| 040 |
_aDO-SdBNP _bspa _cBNPHU |
||
| 082 | _aF-RD 82 | ||
| 100 | 1 |
_aHoepelman, Antonio _935971 |
|
| 245 | 1 | 0 | _aEra y obra de Trujillo. |
| 260 |
_aCiudad Trujillo, República Dominicana : _bImpresora Dominicana, _c1954. |
||
| 300 |
_a28 p. : _bretrs. ; _c19 cm. |
||
| 600 | 0 |
_aTrujillo Molina, Rafael Leónidas, _d1891-1961 _xPoesías _924080 |
|
| 650 | 4 |
_aPoesía histórica dominicana _923574 |
|
| 650 | 0 |
_aLiteratura dominicana. _967 |
|
| 651 | 4 |
_aRepública Dominicana _xPolítica Y Gobierno _yERA DE TRUJILLO, 1930-1961 _91374 |
|
| 910 | _aValidado. Control de calidad EMS. | ||
| 049 | _aBNPD | ||
| 999 |
_c32327 _d32327 |
||